01203nam a2200193Ia 4500001001100000003001000011008004100021040002500062041001300087100002800100245012200128250001100250260005400261300002800315500026000343501011400603520026000717650003200977L560-26135IT-CnALBA170116s9999||||xx |||||||||||||| ||und|| aIT-CnALBAcIT-CnALBA aITALIANO aKLAATSCH ERMANNO, PROF. 0aUNIVERSO E UMANITÀ. VOL. II. ORIGINE ED EVOLUZIONE DELLA SPECIE UMANA, (IV) L'EVOLUZIONE DEL REGNO VEGETALE (V)...  a1a ed. aMILANObVALLARDI FRANCESCO & ANTONIO EDIT. cn.d. a574 p. (prefazione: 13) a... L'EVOLUZIONE DEL REGNO ANIMALE PARTE VI. STORIA DEL PROGRESSO UMANO NELLA CONOSCENZA E DOMINIO SULLA NATURA. TRADUZIONE DI BUSCAGLIONI L. ILLUSTRAZIONI NEL TESTO E TAVOLE FUORI TESTO. ORIGINI NELLA PREISTORIA. L'UOMO E IL REGNO ANIMALE. IL CORPO UMANO aSocietà San Paolo EM - Piazza San Paolo, 14 - 12051 ALBA (CN) (non commercial uses only) ® Copyright 2017 a... L'EVOLUZIONE DEL REGNO ANIMALE PARTE VI. STORIA DEL PROGRESSO UMANO NELLA CONOSCENZA E DOMINIO SULLA NATURA. TRADUZIONE DI BUSCAGLIONI L. ILLUSTRAZIONI NEL TESTO E TAVOLE FUORI TESTO. ORIGINI NELLA PREISTORIA. L'UOMO E IL REGNO ANIMALE. IL CORPO UMANO aPALEONTOLOGIA-PALEOZOOLOGIA